Porovnanie dopadov pandémie COVID-19 a španielskej chrípky na akciové trhy
Dopady španielskej chrípky na S&P 500 index. Pokles S&P 500 počas prvej vlny COVID-19. Budúci vývoj dopadu COVID-19 na akciové trhy v súčasnosti.
Guardado en:
| Autor principal: | |
|---|---|
| Formato: | Capítulo de libro |
| Lenguaje: | eslovaco |
| Materias: | |
| Etiquetas: |
Sin Etiquetas, Sea el primero en etiquetar este registro!
|
MARC
| LEADER | 00000naa$a2200000$$$4500 | ||
|---|---|---|---|
| 001 | 0270608 | ||
| 005 | 20240502074236.6 | ||
| 041 | 0 | |a slo | |
| 044 | |a SK | ||
| 245 | 1 | 0 | |a Porovnanie dopadov pandémie COVID-19 a španielskej chrípky na akciové trhy |c Milan Cibuľa |
| 520 | |a Dopady španielskej chrípky na S&P 500 index. Pokles S&P 500 počas prvej vlny COVID-19. Budúci vývoj dopadu COVID-19 na akciové trhy v súčasnosti. | ||
| 610 | 2 | 0 | |a trh akciový |
| 610 | 2 | 0 | |a kríza finančná |
| 610 | 2 | 0 | |a koronavírus |
| 610 | 2 | 0 | |a pandémia |
| 610 | 2 | 0 | |a chorobnosť |
| 100 | 1 | |a Cibuľa, Milan, 1995- | |